000 00713nam a2200265 i 4500
001 C2-0250027
003 PPAK
005 20180727213832.0
008 030611s2003 caua|||| ||||| | eng d
020 _a0737712902
040 _aPPAK
_beng
_cPPAK
_erda
082 0 4 _a523.2
_223
090 0 0 _a523.2
_bNAR
_dR
100 1 _aNardo, Don,
_eauthor
245 1 4 _aThe solar system
264 1 _aSan Diego, California :
_bKidHaven Press ,
_c2003
300 _a48 pages :
_bcolour illustrations ;
_c24 cm
336 _2rdacontent
_atext
337 _2rdamedia
_aunmediated
338 _2rdacarrier
_avolume
490 1 _aEyes on the sky
650 1 0 _aSolar system
830 0 _aEyes on the sky
942 _ddc
_cB
999 _c63418
_d63418